000 00986nam a22002897a 4500
003 DO-SdBNP
005 20211104105655.0
007 ta
008 211104b2007 a|o|d |||| 001 0 spa d
020 _a9945170163
040 _aDO-SdBNP
_bspa
_cBNPHU
082 4 _222
_a372.84
_bR426
110 1 _aRepública Dominicana. Secretaría de Estado de Educación
_9607
245 1 0 _aFormación integral humana y religiosa :
_beducación básica ; 8vo. grado /
_cSecretaría de Estado de Educación
260 _aSanto Domingo :
_bSM,
_c2007.
300 _a128 p. :
_bil.; fot.
_c27 cm
500 _aLibro de texto.
500 _aEducación básica, 8vo. grado.
590 _aInventariado, 202 /SA
650 4 _940316
_aFormación cristiana
650 4 _aFormación integral
_xHumana
_980479
_vReligiosa
700 1 _aCortés Soriano, Javier
_980484
700 1 _aForcada González, Samuel
_980485
700 1 _aArnaiz Betolaza, Juan E.
_980486
910 _aSaquino
942 _2ddc
_cLBS1
999 _c50873
_d50873